000 00782nam a22002057a 4500
008 130301t xxu||||| |||| 00| 0 eng d
020 _a9-7801-9958-0712
082 _222 ed.
_a344.4101
_bPAI
100 _aPainter,Richard W.
_96978
245 _aCases and materials on Employment law /
_cRichard W. Painter and Ann E.M. Holmes
250 _a8 ed
260 _aUSA :
_bOxford University press
_c2011
300 _aliv, 858 P. ;
_c24 cm.
500 _aIncludes Index
650 _aEmployment law
_96909
650 _aCases and materials on Employment law
_96979
700 _a Holmes, Ann E.M.
_96980
942 _2ddc
_cBK
999 _c5295
_d5295